| 000 | 01065nam a22002295i 4500 | ||
|---|---|---|---|
| 001 | 156785 | ||
| 003 | ES-MaACL | ||
| 005 | 20250902103718.0 | ||
| 008 | 040804s1874 sp |||| | spa d | ||
| 080 | _a326.8:061.235(460.27 M.) | ||
| 080 | _a326.8(729.1) | ||
| 080 | _a326.8(729.5) | ||
| 100 | 1 |
_aLabra, Rafael M. de, _d1840-1918 _969273 |
|
| 245 | 1 | 3 |
_aLa abolición y la Sociedad Abolicionista Española en 1873 : _bdiscurso pronunciado en la Junta General de socios celebrada el 1º de enero de 1874 en el salón de sesiones de la Academia Matritense de Jurisprudencia y Legislación / _cpor el vicepresidente de la Sociedad Rafael M. de Labra. |
| 260 |
_aMadrid : _bSociedad Abolicionista Española, _c1874 ( _fImp. de M.G. Hernández) |
||
| 300 |
_a58 p. ; _c18 cm. |
||
| 610 | 2 | 4 |
_aSociedad Abolicionista Española _96627 |
| 650 | 4 |
_aEsclavitud- _zCuba. _9138905 |
|
| 650 | 4 |
_aEsclavitud- _zPuerto Rico _912363 |
|
| 852 | 4 |
_aES-MaACL _jT-167-F-6 _z- Enc. hol., falto de cub. original _z- Enc. en un vol. facticio |
|
| 999 |
_c156785 _d156785 |
||